Data and evidence in linguistics : (Record no. 117942)
[ view plain ]
| 000 -LEADER | |
|---|---|
| fixed length control field | 00608nam a2200181Ia 4500 |
| 008 - FIXED-LENGTH DATA ELEMENTS--GENERAL INFORMATION | |
| fixed length control field | 140609s9999 xx 000 0 und d |
| 020 ## - INTERNATIONAL STANDARD BOOK NUMBER | |
| International Standard Book Number | 9781107009240 |
| 050 ## - LIBRARY OF CONGRESS CALL NUMBER | |
| Classification number | P 126 |
| Item number | .K43 2012 |
| 100 ## - MAIN ENTRY--PERSONAL NAME | |
| Personal name | Kertesz, Andras. |
| 245 ## - TITLE STATEMENT | |
| Title | Data and evidence in linguistics : |
| Remainder of title | a plausible argumentation model / |
| Statement of responsibility, etc | Andras Kertesz, Csilla Rakosi |
| 260 ## - PUBLICATION, DISTRIBUTION, ETC. (IMPRINT) | |
| Place of publication, distribution, etc | Cambridge, UK ; New York : |
| Name of publisher, distributor, etc | Cambridge University Press, |
| Date of publication, distribution, etc | c2012. |
| 300 ## - PHYSICAL DESCRIPTION | |
| Extent | 297 p. ; |
| Dimensions | 24 cm. |
| 500 ## - GENERAL NOTE | |
| General note | Includes bibliographical references and index. |
| 521 ## - TARGET AUDIENCE NOTE | |
| Target audience note | |
| 650 ## - SUBJECT ADDED ENTRY--TOPICAL TERM | |
| Topical term or geographic name as entry element | Computational linguistics. |
| 942 ## - ADDED ENTRY ELEMENTS (KOHA) | |
| Call number prefix | Foreign |
| Koha item type | Books |
| Withdrawn status | Lost status | Damaged status | Home library | Current library | Shelving location | Date acquired | Total Checkouts | Full call number | Barcode | Date last seen | Price effective from | Koha item type |
|---|---|---|---|---|---|---|---|---|---|---|---|---|
| College Library | College Library | Reserve Section | 06/09/2014 | P 126 .K43 2012 | C18230 | 05/15/2018 | 06/09/2014 | Books |